[Event "Montreal op"]
[Site "Montreal CAN"]
[Date "2000.??.??"]
[Round "3"]
[White "Masse, Hugues"]
[Black "Tessier, Olivier"]
[Result "1/2-1/2"]
[WhiteElo "1914"]
[BlackElo "2033"]
[PlyCount "132"]
[GameId "2160767911652648"]
[EventDate "2000.09.01"]
[EventType "swiss"]
[EventRounds "5"]
[EventCountry "CAN"]
[SourceTitle "EXT 2003"]
[Source "ChessBase"]
[SourceDate "2002.11.25"]
[SourceVersion "1"]
[SourceVersionDate "2002.11.25"]
[SourceQuality "1"]

1. e4 Nf6 2. e5 Nd5 3. d4 d6 4. c4 Nb6 5. f4 dxe5 6. fxe5 c5 7. d5 e6 8. Nc3 exd5 9. cxd5 c4 10. Nf3 Bb4 11. Bxc4 Bxc3+ 12. bxc3 Nxc4 13. Qa4+ Nd7 14. e6 Qc7 15. exd7+ Bxd7 16. Qd1 O-O 17. O-O Rad8 18. Ng5 Bb5 19. Qh5 h6 20. Ne4 f5 21. Rxf5 Qb6+ 22. Nf2 g6 23. Rxf8+ Rxf8 24. Qh4 Rf5 25. Qd4 Qd6 26. Bxh6 Ne5 27. Be3 Rh5 28. Ng4 Nxg4 29. Qxg4 Qxh2+ 30. Kf2 Rf5+ 31. Ke1 Qh1+ 32. Kd2 Rxd5+ 33. Bd4 Qh6+ 34. Kc2 Ba4+ 35. Kd3 Bd7 36. Qf3 Bc6 37. Qe3 g5 38. Re1 Qg6+ 39. Kd2 Ra5 40. Qe6+ Qxe6 41. Rxe6 Rxa2+ 42. Ke3 Rxg2 43. Bxa7 Kf7 44. Rd6 Rg3+ 45. Kd2 g4 46. Rd3 Bf3 47. Ke3 Ke6 48. Kf4 Rg2 49. Bc5 Rb2 50. Rd6+ Kf7 51. Rb6 Rg2 52. Rd6 Bc6 53. Rd3 Bf3 54. Rd6 Re2 55. Bb4 Re4+ 56. Kg3 Rc4 57. Rh6 Rc8 58. Kf4 Re8 59. Kg3 Rg8 60. Bc5 Rg5 61. Bb4 Rd5 62. Rh7+ Kg6 63. Rxb7 Rd3 64. Rb8 Bd1+ 65. Kg2 Bb3 66. Rb5 Be6 1/2-1/2

[Event "Montreal op"]
[Site "Montreal CAN"]
[Date "2000.??.??"]
[Round "3"]
[White "Michaud, Gerald"]
[Black "Lawson, Eric"]
[Result "0-1"]
[WhiteElo "1881"]
[BlackElo "2017"]
[PlyCount "68"]
[GameId "2160767911652649"]
[EventDate "2000.09.01"]
[EventType "swiss"]
[EventRounds "5"]
[EventCountry "CAN"]
[SourceTitle "EXT 2003"]
[Source "ChessBase"]
[SourceDate "2002.11.25"]
[SourceVersion "1"]
[SourceVersionDate "2002.11.25"]
[SourceQuality "1"]

1. d4 Nf6 2. Nf3 b6 3. c4 Bb7 4. e3 e6 5. Nc3 Bb4 6. Bd2 O-O 7. Bd3 Bxc3 8. Bxc3 Ne4 9. Qc2 f5 10. O-O-O a5 11. Ne1 Na6 12. a3 Qg5 13. f4 Qe7 14. Rg1 Nb4 15. Bxb4 axb4 16. a4 b3 17. Qxb3 Bc6 18. Bxe4 Bxa4 19. Qc3 fxe4 20. Nc2 d5 21. b3 Bc6 22. c5 Bb5 23. Kb2 Bd3 24. Ra1 Qh4 25. cxb6 cxb6 26. Rxa8 Rxa8 27. Qc6 Rf8 28. Qxe6+ Kh8 29. Qh3 Qf2 30. Rc1 h6 31. Kc3 Rf7 32. Qc8+ Kh7 33. Kb4 Qd2+ 34. Qc3 Qxc1 0-1

[Event "Montreal op"]
[Site "Montreal CAN"]
[Date "2000.??.??"]
[Round "3"]
[White "Ouellet-Leveille, Clement"]
[Black "Rodriguez, Herver"]
[Result "1-0"]
[WhiteElo "1845"]
[BlackElo "2015"]
[PlyCount "86"]
[GameId "2160767911652650"]
[EventDate "2000.09.01"]
[EventType "swiss"]
[EventRounds "5"]
[EventCountry "CAN"]
[SourceTitle "EXT 2003"]
[Source "ChessBase"]
[SourceDate "2002.11.25"]
[SourceVersion "1"]
[SourceVersionDate "2002.11.25"]
[SourceQuality "1"]

1. e4 c5 2. Nf3 d6 3. d4 cxd4 4. Nxd4 Nf6 5. Nc3 g6 6. Be2 Bg7 7. Be3 O-O 8. O-O Nc6 9. Nb3 Bd7 10. f4 Rc8 11. Bf3 Nb4 12. a3 Nc6 13. g4 Qc7 14. g5 Ne8 15. Nd5 Qd8 16. Nd4 e6 17. Nc3 Qb6 18. Nce2 Qxb2 19. Rb1 Qxa3 20. Rb3 Qa6 21. Qc1 b6 22. f5 gxf5 23. exf5 Nxd4 24. Nxd4 exf5 25. Bd5 Qa4 26. Ra3 Qb4 27. Rb3 Qa5 28. Nxf5 Bxf5 29. Rxf5 Qa4 30. Rf4 Qd7 31. Be4 d5 32. Bf5 Qc7 33. Rh4 h6 34. gxh6 Bf6 35. Rg4+ Kh8 36. Bxc8 Qxc8 37. Qd1 Nd6 38. Bd4 Ne4 39. Bxf6+ Nxf6 40. Rf4 Rg8+ 41. Rg3 Rxg3+ 42. hxg3 Qh3 43. Qf3 Qxh6 1-0

[Event "Montreal op"]
[Site "Montreal CAN"]
[Date "2000.??.??"]
[Round "3"]
[White "Paz, Roman"]
[Black "Roussel-Roozmon, Thomas"]
[Result "1/2-1/2"]
[WhiteElo "1941"]
[BlackElo "2128"]
[PlyCount "95"]
[GameId "2160767911652651"]
[EventDate "2000.09.01"]
[EventType "swiss"]
[EventRounds "5"]
[EventCountry "CAN"]
[SourceTitle "EXT 2003"]
[Source "ChessBase"]
[SourceDate "2002.11.25"]
[SourceVersion "1"]
[SourceVersionDate "2002.11.25"]
[SourceQuality "1"]

1. d4 Nf6 2. Nc3 d5 3. Bg5 Bf5 4. f3 Nbd7 5. e3 h6 6. Bh4 c6 7. Bd3 Bxd3 8. Qxd3 Qb6 9. Nge2 e6 10. O-O Be7 11. Kh1 c5 12. dxc5 Nxc5 13. Qb5+ Qxb5 14. Nxb5 O-O 15. Rfd1 a6 16. Nbd4 Rac8 17. Be1 Na4 18. b3 Nb6 19. Nc1 g6 20. Nd3 Nbd7 21. c3 Nc5 22. Nb2 Rfd8 23. Rac1 Ncd7 24. c4 Ba3 25. Rc2 Bxb2 26. Rxb2 dxc4 27. bxc4 b6 28. Rb4 a5 29. Rbb1 Rxc4 30. Nb5 Rc2 31. a4 Rdc8 32. Nd6 R8c6 33. e4 Ra2 34. Ne8 Rxa4 35. Nxf6+ Nxf6 36. Bf2 Rb4 37. Rxb4 axb4 38. Rb1 Rc4 39. h3 Nd7 40. Be1 b3 41. Rxb3 Rc1 42. Re3 b5 43. Kh2 Rb1 44. Bd2 Kf8 45. Rd3 Ke7 46. Bxh6 b4 47. Be3 b3 48. Bd4 1/2-1/2

[Event "Montreal op"]
[Site "Montreal CAN"]
[Date "2000.??.??"]
[Round "3"]
[White "Pnevmonidis, Pantelis"]
[Black "Mikanovic, Goran"]
[Result "0-1"]
[WhiteElo "2144"]
[BlackElo "2293"]
[PlyCount "82"]
[GameId "2160767911652652"]
[EventDate "2000.09.01"]
[EventType "swiss"]
[EventRounds "5"]
[EventCountry "CAN"]
[SourceTitle "EXT 2003"]
[Source "ChessBase"]
[SourceDate "2002.11.25"]
[SourceVersion "1"]
[SourceVersionDate "2002.11.25"]
[SourceQuality "1"]

1. d4 Nf6 2. c4 e6 3. g3 Bb4+ 4. Bd2 Be7 5. Bg2 d5 6. Nf3 dxc4 7. Qa4+ Bd7 8. Qxc4 Bc6 9. Nc3 O-O 10. Qd3 Nbd7 11. O-O a5 12. Rad1 Bb4 13. Bg5 h6 14. Bxf6 Nxf6 15. a3 Bxc3 16. Qxc3 a4 17. Rc1 Ra6 18. Ne5 Bxg2 19. Kxg2 Rb6 20. Nd3 Rb3 21. Qc4 b5 22. Qc5 Ne4 23. Qxc7 Qxd4 24. Rc2 Qd5 25. Qc6 Qxc6 26. Rxc6 Nd2 27. Rfc1 Nc4 28. Rc2 Rb8 29. Kf1 e5 30. Rc3 Rxc3 31. bxc3 e4 32. Nc5 e3 33. fxe3 Nxa3 34. Ke1 Ra8 35. Na6 Rd8 36. Rc5 Nc2+ 37. Kf2 a3 38. Nb4 Nxb4 39. cxb4 a2 40. Rc1 Ra8 41. Ra1 Kf8 0-1

[Event "Montreal op"]
[Site "Montreal CAN"]
[Date "2000.??.??"]
[Round "3"]
[White "Prahov, Valentin"]
[Black "Fortier, Marc-Andre"]
[Result "1-0"]
[WhiteElo "2208"]
[BlackElo "2143"]
[PlyCount "79"]
[GameId "2160767911652653"]
[EventDate "2000.09.01"]
[EventType "swiss"]
[EventRounds "5"]
[EventCountry "CAN"]
[SourceTitle "EXT 2003"]
[Source "ChessBase"]
[SourceDate "2002.11.25"]
[SourceVersion "1"]
[SourceVersionDate "2002.11.25"]
[SourceQuality "1"]

1. e4 c5 2. Nf3 d6 3. d4 cxd4 4. Nxd4 Nf6 5. Nc3 g6 6. Be3 Bg7 7. f3 O-O 8. Qd2 Nc6 9. Bc4 Bd7 10. O-O-O Ne5 11. Bb3 Qa5 12. g4 Rfc8 13. h4 Nc4 14. Bxc4 Rxc4 15. Nb3 Qa6 16. Kb1 Rac8 17. h5 Bxg4 18. e5 Bxf3 19. exf6 Bxf6 20. hxg6 hxg6 21. Bd4 e5 22. Qf2 Bxh1 23. Qxf6 Qc6 24. Rf1 exd4 25. Qxf7+ Kh8 26. Qxg6 Qg2 27. Qh6+ Kg8 28. Qe6+ Kh8 29. Rf7 Qg1+ 30. Nc1 Qg7 31. Qh3+ Kg8 32. Rxg7+ Kxg7 33. Qxh1 dxc3 34. Qxb7+ R8c7 35. Qg2+ Kf7 36. b3 R4c5 37. Nd3 Rf5 38. a3 Kf6 39. Ka2 a5 40. Qe4 1-0

[Event "Montreal op"]
[Site "Montreal CAN"]
[Date "2000.??.??"]
[Round "3"]
[White "Rouleau, Paul"]
[Black "Destree, Frederic"]
[Result "0-1"]
[WhiteElo "1920"]
[BlackElo "1915"]
[PlyCount "92"]
[GameId "2160767911652654"]
[EventDate "2000.09.01"]
[EventType "swiss"]
[EventRounds "5"]
[EventCountry "CAN"]
[SourceTitle "EXT 2003"]
[Source "ChessBase"]
[SourceDate "2002.11.25"]
[SourceVersion "1"]
[SourceVersionDate "2002.11.25"]
[SourceQuality "1"]

1. e4 d6 2. d4 Nf6 3. Nc3 g6 4. Bd3 Bg7 5. Nf3 Bg4 6. h3 Bxf3 7. Qxf3 Nc6 8. Be3 e5 9. Bb5 O-O 10. Bxc6 bxc6 11. dxe5 Nd7 12. O-O Nxe5 13. Qe2 Qb8 14. Rab1 Qb4 15. a3 Qc4 16. Qd2 Rfe8 17. b3 Nf3+ 18. gxf3 Qxc3 19. Qxc3 Bxc3 20. Rfd1 f5 21. Rd3 Ba5 22. exf5 gxf5 23. Kh2 Bb6 24. Kg3 Kf7 25. Kf4 Kf6 26. Rg1 Rg8 27. Rdd1 Rae8 28. a4 Rg6 29. Bxb6 axb6 30. Rge1 Rgg8 31. h4 Rxe1 32. Rxe1 Rg2 33. Re2 Rh2 34. Kg3 Rh1 35. f4 Rg1+ 36. Kf3 Rh1 37. Kg3 Rg1+ 38. Kf3 Rh1 39. Kg3 Rg1+ 40. Kf3 Rg4 41. b4 Rxh4 42. Re3 Rh1 43. a5 bxa5 44. bxa5 Ra1 45. Rb3 Rxa5 46. Rb7 Rc5 0-1

[Event "Montreal op"]
[Site "Montreal CAN"]
[Date "2000.??.??"]
[Round "3"]
[White "Roy, Guy"]
[Black "Hua, Lefong"]
[Result "0-1"]
[WhiteElo "2116"]
[BlackElo "2325"]
[PlyCount "146"]
[GameId "2160767911652655"]
[EventDate "2000.09.01"]
[EventType "swiss"]
[EventRounds "5"]
[EventCountry "CAN"]
[SourceTitle "EXT 2003"]
[Source "ChessBase"]
[SourceDate "2002.11.25"]
[SourceVersion "1"]
[SourceVersionDate "2002.11.25"]
[SourceQuality "1"]

1. e4 c5 2. Nc3 Nc6 3. d3 g6 4. f4 d6 5. Nf3 Bg7 6. Bd2 Rb8 7. a4 e6 8. g3 Nge7 9. Bg2 O-O 10. O-O a6 11. Qc1 b5 12. axb5 axb5 13. Ne2 Qb6 14. Kh1 b4 15. Be3 Nd4 16. Nfxd4 cxd4 17. Bf2 e5 18. b3 Be6 19. Qd2 Bh6 20. Ra2 Ra8 21. Rfa1 Rxa2 22. Rxa2 Qc5 23. Be1 Nc6 24. Ng1 Rb8 25. Ra4 Rb7 26. Qf2 Ra7 27. Rxa7 Nxa7 28. Bh3 Bxh3 29. Nxh3 Nc6 30. Qg2 Qa5 31. Qe2 Qa1 32. Kg2 Kg7 33. Bd2 Qb2 34. Qd1 Kg8 35. Nf2 Bg7 36. Nh3 Bh6 37. Ng1 Qa2 38. Nf3 Kg7 39. Ne1 Qa7 40. Nf3 Qc5 41. Ne1 Na7 42. Qa1 Nc6 43. Qd1 Ne7 44. Nf3 Ng8 45. Ne1 Nf6 46. Qf3 Nh5 47. Qf2 Kg8 48. Kf1 Ng7 49. Ke2 Ne8 50. Kd1 Nc7 51. Nf3 Nb5 52. Ng1 Na3 53. Bc1 Qc8 54. h3 Nb1 55. Bb2 Qa8 56. Ne2 Qa2 57. Bc1 Nc3+ 58. Nxc3 bxc3 59. Qf3 Qb1 60. Qg4 Kg7 61. h4 Qa1 62. h5 Qb1 63. hxg6 hxg6 64. Qh4 Qa1 65. Qg4 Qa5 66. Qh4 d5 67. Qe7 dxe4 68. Ba3 exf4 69. Qf8+ Kh7 70. Qxf7+ Bg7 71. Bf8 Qh5+ 72. Ke1 Qh1+ 73. Ke2 f3+ 0-1

[Event "Montreal op"]
[Site "Montreal CAN"]
[Date "2000.??.??"]
[Round "3"]
[White "Roy, Guy"]
[Black "Plante, Michel"]
[Result "1-0"]
[WhiteElo "2116"]
[BlackElo "1926"]
[PlyCount "98"]
[GameId "2160767911652656"]
[EventDate "2000.09.01"]
[EventType "swiss"]
[EventRounds "5"]
[EventCountry "CAN"]
[SourceTitle "EXT 2003"]
[Source "ChessBase"]
[SourceDate "2002.11.25"]
[SourceVersion "1"]
[SourceVersionDate "2002.11.25"]
[SourceQuality "1"]

1. e4 e5 2. Nf3 d6 3. Bc4 Be7 4. Nc3 Nf6 5. d3 h6 6. h3 c6 7. Qe2 b5 8. Bb3 Nbd7 9. a3 Nc5 10. Ba2 Ne6 11. Be3 Qc7 12. d4 exd4 13. Nxd4 Nxd4 14. Bxd4 O-O 15. O-O Nd7 16. f4 Kh8 17. Rae1 Bb7 18. Qg4 Bf6 19. Bf2 Rae8 20. Qh5 a5 21. g4 Kg8 22. g5 hxg5 23. fxg5 Re5 24. Be3 d5 25. Qg4 Be7 26. h4 Ba6 27. Qg2 b4 28. axb4 axb4 29. Nd1 Bd6 30. Rf4 Bc5 31. Qf2 Qa7 32. exd5 Rxe3 33. Rxe3 Bxe3 34. Qxe3 Qxe3+ 35. Nxe3 c5 36. Re4 Bb5 37. c4 bxc3 38. bxc3 Ra8 39. Bb3 Ra1+ 40. Kf2 Kf8 41. c4 Ba6 42. Ke2 Nb6 43. Kd2 Nc8 44. Nf5 Bb7 45. Re5 Ra6 46. Bc2 g6 47. Ng3 Nd6 48. Bd3 Ra4 49. Ne4 Ra6 1-0

[Event "Montreal op"]
[Site "Montreal CAN"]
[Date "2000.??.??"]
[Round "3"]
[White "Sasseville, Jean"]
[Black "Fillion, Steve"]
[Result "0-1"]
[WhiteElo "1955"]
[BlackElo "2143"]
[PlyCount "72"]
[GameId "2160767911652657"]
[EventDate "2000.09.01"]
[EventType "swiss"]
[EventRounds "5"]
[EventCountry "CAN"]
[SourceTitle "EXT 2003"]
[Source "ChessBase"]
[SourceDate "2002.11.25"]
[SourceVersion "1"]
[SourceVersionDate "2002.11.25"]
[SourceQuality "1"]

1. c4 c6 2. Nc3 d5 3. d4 Nf6 4. Nf3 e6 5. Bg5 Nbd7 6. e3 Qa5 7. Nd2 dxc4 8. Bxf6 Nxf6 9. Nxc4 Qc7 10. Bd3 Nd5 11. O-O Nxc3 12. bxc3 b6 13. f4 c5 14. Ne5 Bd6 15. Bb5+ Kf8 16. Qh5 g6 17. Qh3 Kg7 18. Bd3 Bb7 19. g4 h5 20. g5 cxd4 21. cxd4 Qe7 22. Qg3 Rhd8 23. Rac1 Bxe5 24. fxe5 Rac8 25. Qf4 Kg8 26. Qf6 Qe8 27. Rxc8 Rxc8 28. Bb5 Bc6 29. a4 Bxb5 30. axb5 Qd7 31. Qf3 Rc2 32. Qa8+ Kg7 33. Qb8 Qe7 34. h4 Qa3 35. Re1 Qc3 36. Kf1 Qd2 0-1

[Event "Montreal op"]
[Site "Montreal CAN"]
[Date "2000.??.??"]
[Round "3"]
[White "Trottier, Yves"]
[Black "Gottlieb, Jonathan"]
[Result "0-1"]
[WhiteElo "1935"]
[BlackElo "2078"]
[PlyCount "82"]
[GameId "2160767911652658"]
[EventDate "2000.09.01"]
[EventType "swiss"]
[EventRounds "5"]
[EventCountry "CAN"]
[SourceTitle "EXT 2003"]
[Source "ChessBase"]
[SourceDate "2002.11.25"]
[SourceVersion "1"]
[SourceVersionDate "2002.11.25"]
[SourceQuality "1"]

1. e4 c5 2. Nc3 Nc6 3. g3 g6 4. Bg2 Bg7 5. d3 d6 6. Be3 e6 7. Qd2 Qa5 8. Nf3 Nd4 9. O-O Rb8 10. Nh4 b5 11. a3 Bd7 12. f4 f5 13. exf5 gxf5 14. h3 Ne7 15. g4 Qc7 16. Rac1 Bc6 17. Bxc6+ Qxc6 18. Qg2 b4 19. Qxc6+ Nexc6 20. axb4 cxb4 21. Nd1 Ne2+ 22. Kg2 Nxc1 23. Bxc1 fxg4 24. hxg4 Nd4 25. Ne3 Kd7 26. f5 Rbc8 27. fxe6+ Kxe6 28. Nhf5 Nxf5 29. gxf5+ Kf7 30. Nc4 Be5 31. Be3 a6 32. Kh1 Kf6 33. b3 d5 34. Nb6 Rcd8 35. Bf2 Kf7 36. Na4 Rhg8 37. Nc5 Rg5 38. Be3 Rh5+ 39. Kg2 Rg8+ 40. Kf2 Rxf5+ 41. Ke2 Rg2+ 0-1

[Event "Montreal op"]
[Site "Montreal CAN"]
[Date "2000.09.03"]
[Round "3"]
[White "Miron, Francois"]
[Black "Charest, Johanne"]
[Result "0-1"]
[WhiteElo "1954"]
[BlackElo "1919"]
[PlyCount "44"]
[GameId "2160767911652659"]
[EventDate "2000.09.01"]
[EventType "swiss"]
[EventRounds "5"]
[EventCountry "CAN"]

1. e4 e5 2. d4 exd4 3. Nf3 Nc6 4. Bc4 d6 5. Nxd4 Ne5 6. Bb3 Bg4 7. f3 Bd7 8. Be3 Nf6 9. Nc3 a6 10. a3 g6 11. Qd2 Bg7 12. O-O O-O 13. Bh6 Bxh6 14. Qxh6 c5 15. Nde2 c4 16. Ba2 Qb6+ 17. Kh1 Qxb2 18. g4 Qxc2 19. g5 Nh5 20. Nd5 f6 21. Nec3 Bh3 22. Nxf6+ Rxf6 0-1

[Event "Montreal op"]
[Site "Montreal CAN"]
[Date "2000.??.??"]
[Round "4"]
[White "Boulay, David"]
[Black "Ibrahim, Anthony"]
[Result "1-0"]
[WhiteElo "2032"]
[BlackElo "2166"]
[PlyCount "95"]
[GameId "2160767911652660"]
[EventDate "2000.09.01"]
[EventType "swiss"]
[EventRounds "5"]
[EventCountry "CAN"]
[SourceTitle "EXT 2003"]
[Source "ChessBase"]
[SourceDate "2002.11.25"]
[SourceVersion "1"]
[SourceVersionDate "2002.11.25"]
[SourceQuality "1"]

1. e4 c5 2. Nf3 Nc6 3. d4 cxd4 4. Nxd4 Nf6 5. Nc3 e5 6. Ndb5 d6 7. Bg5 a6 8. Na3 b5 9. Nd5 Be7 10. Bxf6 Bxf6 11. c3 O-O 12. Nc2 Bg5 13. Be2 g6 14. a4 bxa4 15. Rxa4 a5 16. b4 Be6 17. b5 Ne7 18. h4 Bxd5 19. exd5 Bh6 20. h5 g5 21. g4 f5 22. Ne3 f4 23. Nc2 Bg7 24. Qd3 Rc8 25. c4 Rf7 26. Bf3 h6 27. Rg1 Kf8 28. Be4 Rc5 29. Na1 Rc8 30. Nb3 Ra8 31. f3 Nc8 32. Kf2 Nb6 33. Ra3 a4 34. Nd2 Qc7 35. Bf5 Qc5+ 36. Kg2 Rd8 37. Be6 e4 38. Nxe4 Qxc4 39. Bxf7 Qxd3 40. Rxd3 Kxf7 41. Rc1 Rd7 42. Rc6 a3 43. Rxa3 Nxd5 44. Nxd6+ Kg8 45. Nf5 Bf8 46. Ra8 Ne3+ 47. Nxe3 fxe3 48. Rcc8 1-0

[Event "Montreal op"]
[Site "Montreal CAN"]
[Date "2000.??.??"]
[Round "4"]
[White "Cloutier, Mario"]
[Black "Rodriguez, Herver"]
[Result "0-1"]
[WhiteElo "1876"]
[BlackElo "2015"]
[PlyCount "132"]
[GameId "2160767911652661"]
[EventDate "2000.09.01"]
[EventType "swiss"]
[EventRounds "5"]
[EventCountry "CAN"]
[SourceTitle "EXT 2003"]
[Source "ChessBase"]
[SourceDate "2002.11.25"]
[SourceVersion "1"]
[SourceVersionDate "2002.11.25"]
[SourceQuality "1"]

1. e4 g6 2. d4 Bg7 3. Nc3 d6 4. g3 Nf6 5. Bg2 O-O 6. Nge2 e5 7. h3 Nc6 8. Be3 a6 9. a4 Bd7 10. O-O Nh5 11. Qd2 Qe7 12. Nd5 Qd8 13. g4 Nf6 14. Bg5 exd4 15. Nxd4 Nxd4 16. Qxd4 Nxd5 17. Qxd5 Qc8 18. c3 Bc6 19. Qd2 Qd7 20. a5 Rfe8 21. Rfe1 Re6 22. f4 f6 23. Bh4 Rae8 24. Qd3 Kf8 25. Rad1 Qe7 26. Qd4 Kg8 27. Re3 Qf7 28. Rde1 f5 29. e5 Bxg2 30. Kxg2 fxg4 31. hxg4 Qd7 32. Kf3 Qc6+ 33. Kf2 dxe5 34. fxe5 Rf8+ 35. Kg3 h6 36. Kh2 Rd6 37. Qe4 Rd2+ 38. R1e2 Qxe4 39. Rxe4 Rxe2+ 40. Rxe2 Re8 41. Bg3 Kf7 42. Kg2 Ke6 43. Rd2 Rf8 44. Rd4 h5 45. gxh5 gxh5 46. Rb4 Rb8 47. Kh3 b5 48. Kh4 c5 49. Re4 Rh8 50. Re2 Bf8 51. Rf2 Be7+ 52. Kh3 Rf8 53. Rd2 c4 54. Kg2 Rd8 55. Re2 Rg8 56. Kf3 h4 57. Bh2 h3 58. Bg3 Bd8 59. Rd2 Bc7 60. Rh2 Rd8 61. Rf2 Rf8+ 62. Ke2 Rxf2+ 63. Kxf2 Bxe5 64. Bxe5 Kxe5 65. Kg3 Ke4 66. Kxh3 Kd3 0-1

[Event "Montreal op"]
[Site "Montreal CAN"]
[Date "2000.??.??"]
[Round "4"]
[White "Fillion, Steve"]
[Black "Moskvitch, Andrei"]
[Result "0-1"]
[WhiteElo "2143"]
[BlackElo "2175"]
[PlyCount "110"]
[GameId "2160767911652663"]
[EventDate "2000.09.01"]
[EventType "swiss"]
[EventRounds "5"]
[EventCountry "CAN"]
[SourceTitle "EXT 2003"]
[Source "ChessBase"]
[SourceDate "2002.11.25"]
[SourceVersion "1"]
[SourceVersionDate "2002.11.25"]
[SourceQuality "1"]

1. e4 c5 2. Nc3 Nc6 3. g3 e6 4. Bg2 g6 5. d3 Bg7 6. Be3 d6 7. f4 Nge7 8. Nf3 Rb8 9. d4 cxd4 10. Nxd4 O-O 11. Ndb5 d5 12. e5 f6 13. exf6 Bxf6 14. Nd4 Qb6 15. Nce2 Qxb2 16. O-O Nf5 17. Rb1 Nxe3 18. Rxb2 Nxd1 19. Rxd1 Bd7 20. c3 Nxd4 21. Nxd4 Rfc8 22. Re2 Bxd4+ 23. cxd4 Rc4 24. Bh3 Kf7 25. Rde1 Re8 26. Rd2 Rec8 27. Rde2 Rxd4 28. Bxe6+ Bxe6 29. Rxe6 Rc7 30. Re8 Rd2 31. a3 b6 32. Rh8 Kg7 33. Rhe8 Rcc2 34. h4 Rg2+ 35. Kh1 Rh2+ 36. Kg1 Rcg2+ 37. Kf1 Ra2 38. Kg1 Rhg2+ 39. Kh1 Rxg3 40. R1e7+ Kh6 41. Rxa7 Rb3 42. Re1 Rbxa3 43. Rd7 Rh3+ 44. Kg1 Rxh4 45. f5 Rg4+ 46. Kh1 gxf5 47. Rxd5 Rh4+ 48. Kg1 Kg5 49. Rb5 Rg4+ 50. Kh1 Ra3 51. Re2 Rh3+ 52. Rh2 Rxh2+ 53. Kxh2 Rh4+ 54. Kg3 Rh6 55. Kf3 Rc6 0-1

[Event "Montreal op"]
[Site "Montreal CAN"]
[Date "2000.??.??"]
[Round "4"]
[White "Fortier, Marc-Andre"]
[Black "Cardin, Guillaume"]
[Result "1-0"]
[WhiteElo "2143"]
[BlackElo "1882"]
[PlyCount "91"]
[GameId "2160767911652664"]
[EventDate "2000.09.01"]
[EventType "swiss"]
[EventRounds "5"]
[EventCountry "CAN"]
[SourceTitle "EXT 2003"]
[Source "ChessBase"]
[SourceDate "2002.11.25"]
[SourceVersion "1"]
[SourceVersionDate "2002.11.25"]
[SourceQuality "1"]

1. e4 c5 2. Nc3 d6 3. g3 g6 4. Bg2 Bg7 5. d3 Nc6 6. f4 e6 7. Nf3 Nge7 8. O-O O-O 9. Be3 Nd4 10. Qd2 Bd7 11. Nh4 Rb8 12. Nd1 b5 13. c3 Ndc6 14. f5 Nc8 15. Bh6 Nb6 16. f6 Bxf6 17. Bxf8 Bg5 18. Qf2 Qxf8 19. Nf3 Be7 20. Ne3 b4 21. d4 d5 22. e5 Na4 23. Qc2 Na5 24. Ng4 bxc3 25. b3 Nb6 26. Qxc3 Nc6 27. Kh1 cxd4 28. Nxd4 Nxd4 29. Qxd4 Bb5 30. Rfc1 Ba3 31. Nf6+ Kg7 32. Rc7 a6 33. Qh4 h5 34. g4 Rc8 35. Rxc8 Qxc8 36. gxh5 Qc3 37. Re1 Bb4 38. Rg1 Bd3 39. h6+ Kh8 40. Ng4 Nd7 41. Qd8+ Bf8 42. Qxd7 Be4 43. Bxe4 dxe4 44. Qxf7 Bxh6 45. Nxh6 e3 46. Qxg6 1-0

[Event "Montreal op"]
[Site "Montreal CAN"]
[Date "2000.??.??"]
[Round "4"]
[White "Lawson, Eric"]
[Black "Pnevmonidis, Pantelis"]
[Result "0-1"]
[WhiteElo "1881"]
[BlackElo "2144"]
[PlyCount "104"]
[GameId "2160767911652665"]
[EventDate "2000.09.01"]
[EventType "swiss"]
[EventRounds "5"]
[EventCountry "CAN"]
[SourceTitle "EXT 2003"]
[Source "ChessBase"]
[SourceDate "2002.11.25"]
[SourceVersion "1"]
[SourceVersionDate "2002.11.25"]
[SourceQuality "1"]

1. e4 c5 2. Nc3 Nc6 3. f4 g6 4. Nf3 Bg7 5. Bc4 d6 6. O-O e6 7. d3 Nge7 8. Qe1 O-O 9. f5 exf5 10. Qh4 h5 11. Bg5 Qd7 12. Bf6 Re8 13. Bxg7 Kxg7 14. Ng5 Rf8 15. g4 fxg4 16. Nxf7 Ng8 17. Qg5 Nd4 18. Kh1 Ne6 19. Bxe6 Qxe6 20. Nd8 Qe7 21. Qxe7+ Nxe7 22. Rxf8 Kxf8 23. Rf1+ Kg8 24. Nf7 Nf5 25. exf5 Kxf7 26. fxg6+ Kxg6 27. Ne4 Bd7 28. Rf6+ Kg7 29. Rxd6 Bc6 30. Kg1 Re8 31. Nxc5 Re2 32. Ne6+ Kf7 33. Nd4 Rg2+ 34. Kh1 Rxc2+ 35. Nxc6 bxc6 36. Rd7+ Kg6 37. Rxa7 h4 38. b4 h3 39. Kg1 Kg5 40. Ra5+ Kf4 41. Rc5 Rg2+ 42. Kh1 Rxa2 43. Kg1 Ra1+ 44. Kf2 Rh1 45. Rc4+ Kg5 46. Rxc6 Rxh2+ 47. Kg1 Rg2+ 48. Kh1 Rb2 49. b5 Kh4 50. Rc4 Kg3 51. Rc1 h2 52. d4 Kh3 0-1

[Event "Montreal op"]
[Site "Montreal CAN"]
[Date "2000.??.??"]
[Round "4"]
[White "Leutschaft, Martin"]
[Black "Ouellet-Leveille, Clement"]
[Result "1-0"]
[WhiteElo "2123"]
[BlackElo "1845"]
[PlyCount "79"]
[GameId "2160767911652666"]
[EventDate "2000.09.01"]
[EventType "swiss"]
[EventRounds "5"]
[EventCountry "CAN"]
[SourceTitle "EXT 2003"]
[Source "ChessBase"]
[SourceDate "2002.11.25"]
[SourceVersion "1"]
[SourceVersionDate "2002.11.25"]
[SourceQuality "1"]

1. d4 Nf6 2. Nf3 e6 3. Bg5 Be7 4. Nbd2 d5 5. e3 Ne4 6. Bf4 Nd7 7. Nxe4 dxe4 8. Nd2 f5 9. Bc4 Nf6 10. O-O Bd6 11. Bg5 h6 12. Bh4 g5 13. Bg3 Qe7 14. Be2 Rg8 15. Bxd6 cxd6 16. c4 Kf7 17. f3 exf3 18. Bxf3 Bd7 19. Qc2 g4 20. Be2 d5 21. c5 Kg7 22. b4 h5 23. Bd3 h4 24. Nb3 Nh5 25. Nc1 Qg5 26. Qd2 Rgf8 27. Ne2 Nf6 28. a4 a6 29. Nf4 Rfe8 30. Qc3 Re7 31. b5 axb5 32. axb5 Rxa1 33. Rxa1 Ne4 34. Bxe4 fxe4 35. c6 bxc6 36. bxc6 Bc8 37. Ra8 e5 38. dxe5 Qf5 39. e6+ Kh7 40. Rxc8 1-0

[Event "Montreal op"]
[Site "Montreal CAN"]
[Date "2000.??.??"]
[Round "4"]
[White "Lezaic, Jovan"]
[Black "Dubuc, Gabriel"]
[Result "0-1"]
[WhiteElo "1925"]
[BlackElo "1904"]
[PlyCount "64"]
[GameId "2160767911652667"]
[EventDate "2000.09.01"]
[EventType "swiss"]
[EventRounds "5"]
[EventCountry "CAN"]
[SourceTitle "EXT 2003"]
[Source "ChessBase"]
[SourceDate "2002.11.25"]
[SourceVersion "1"]
[SourceVersionDate "2002.11.25"]
[SourceQuality "1"]

1. e4 e5 2. Nf3 Nf6 3. Bc4 Nc6 4. d3 d6 5. h3 Na5 6. Nc3 Nxc4 7. dxc4 Be7 8. O-O Be6 9. b3 h6 10. a4 Qd7 11. Kh2 g5 12. Ng1 h5 13. f3 g4 14. Nd5 Bxd5 15. exd5 O-O-O 16. f4 Ne4 17. Ne2 Rdg8 18. fxe5 g3+ 19. Kg1 dxe5 20. Qd3 f5 21. Be3 Kb8 22. Nc3 Nf2 23. Bxf2 gxf2+ 24. Kh1 f4 25. Rxf2 Rg3 26. Rf3 Rhg8 27. Ne4 Rxg2 28. c5 R8g3 29. Rxg3 Rxg3 30. Qf1 Rxh3+ 31. Kg2 Qg4+ 32. Kf2 Bh4+ 0-1